000 00358nam a2200133 i 4500
001 bg
245 0 _aCzłowiek.Nauka.Technika :
_bpróba marksistowskiej analizy rewolucji naukowo-technicznej.
260 _aWarszawa,
_c1976.
040 _cBPK
041 _apol
080 _a62.001+001:316:335.5
942 _cKS
008 s pl f |000 0 pol
999 _c27470
_d27470
856 _uhttp://koha.tu.koszalin.pl/cgi-bin/koha/opac-detail.pl?biblionumber=27470
_yKatalog online BPK